000 00775cam a2200241 a 4500
001 935301
005 20180126082026.0
008 830526s1983 nyua b 001 0 eng
010 _a 83047905
020 _a0670746045 :
_c$20.00
040 _aDLC
_cDLC
_dDLC
041 _aeng
043 _aa-vt---
_an-us---
080 _a959.704
082 0 0 _a959.704 KAR
_219
100 1 _a16
101 _aHIS
245 1 0 _aVietnam, a history /
_cStanley Karnow.
504 _aBibliography: p. 708-728.
906 _a7
_bcbc
_corignew
_d1
_eocip
_f19
_gy-gencatlg
942 _2ddc
_cBK
999 _c41016
_d41016